Marlene Dietrich Filmography - Statistics

General Stats
  • This quiz has been taken 15 times
    3 since last reset
  • The average score is 11 of 90
Answer Stats
Type Year Name % Correct
Film 1932 Blonde Venus
100%
Film 1936 Desire
100%
Film 1930 Morocco
100%
Film 1932 Shanghai Express
100%
Film 1957 Witness for the Prosecution
100%
Film 1948 A Foreign Affair
50%
Film 1937 Angel
50%
Film 1939 Destry Rides Again
50%
Film 1931 Dishonored
50%
Film 1961 Judgment at Nuremberg
50%
Documentary 1984 Marlene
50%
Theater 1964-1968 Marlene Dietrich
50%
Film 1952 Rancho Notorious
50%
Film 1950 Stage Fright
50%
Film 1930 The Blue Angel
50%
Film 1935 The Devil Is a Woman
50%
Film 1958 Touch of Evil
50%
Film 1927 A Modern Dubarry
0%
TV Special 1973 An Evening with Marlene Dietrich
0%
Film 1956 Around the World in 80 Days
0%
Documentary 1962 Black Fox: The Rise and Fall of Adolf Hitler
0%
Short Film 1942 Breakdowns of 1942
0%
Film 1927 Cafe Elektric
0%
TV Show 1963 Cirque d'Hiver
0%
Film 1925 Dancing Mad
0%
Film 1929 Dangers of the Engagement Period
0%
TV Special 1963 Deutsche Schlagerfestival 1963
0%
Short Documentary 1928 Die Glückliche Mutter
0%
Short Documentary 2019 Dietrich, a Queer Icon
0%
Award Show 1963 Edison Awards 1963
0%
TV Special 1975 Edith Piaf
0%
Documentary 2011 Erich Maria Remarque, Marlene Dietrich, Paulette Goodard
0%
TV Documentary 2025 Erich Maria Remarque und Marlene Dietrich - Flucht in die Liebe
0%
TV Special 1971 Ettan gästar Marlene Dietrich
0%
Film 1944 Follow the Boys
0%
TV Special 1963 Gala de l'union
0%
TV Special 1963 Galakväll pa Berns
0%
Film 1947 Golden Earrings
0%
TV Special 1970 Guest Star Marlene Dietrich
0%
Film 1927 Heads Up, Charley
0%
Film 1927 His Greatest Bluff
0%
Film 1929 I Kiss Your Hand, Madame
0%
Film 1936 I Loved a Soldier
0%
Film 1949 Jigsaw
0%
Film 1978 Just a Gigolo
0%
Film 1944 Kismet
0%
Film 1937 Knight Without Armour
0%
Film 1924 Leap Into Life
0%
Radio Series 1936, 1942, 1952 Lux Radio Theater
0%
Film 1926 Madame Wants No Children
0%
TV Documentary 1965 Magic of Marlene
0%
Film 1923 Man by the Wayside
0%
Film 1926 Manon Lescaut
0%
Film 1941 Manpower
0%
Short TV Documentary 2000 Marlene Dietrich and Joseph von Sternberg
0%
Documentary 2001 Marlene Dietrich: Her Own Song
0%
Theater 1975 Marlene Dietrich in Concert
0%
TV Documentary 1996 Marlene Dietrich: Shadow and Light
0%
TV Documentary 2012 Marlene - Le Crépuscule d'un Ange
0%
Film 1946 Martin Roumagnac
0%
Short Documentary 1944 Memo for Joe
0%
TV Special 1963 Musik der Welt
0%
Film 1951 No Highway in the Sky
0%
Film 1964 Paris When It Sizzles
0%
Film 1942 Pittsburgh
0%
Film 1928 Princess Olala
0%
TV Show 1963 Royal Variety Performance
0%
Short Documentary 1937 Screen Snapshots Series 16, No. 7
0%
Film 1940 Seven Sinners
0%
Short Documentary 1943 Show-Business at War
0%
Award Show 1968 The 22nd Annual Tony Awards
0%
Documentary 1990 The Dietrich Songs
0%
Short Documentary 1935 The Fashion Side of Hollywood
0%
Film 1941 The Flame of New Orleans
0%
Film 1936 The Garden of Allah
0%
Film 1927 The Imaginary Bacon
0%
Film 1942 The Lady Is Willing
0%
Film 1923 The Little Napoleon
0%
Theater 1943 The Mercury Wonder Show
0%
Film 1924 The Monk from Santarem
0%
Film 1956 The Monte Carlo Story
0%
Film 1934 The Scarlet Empress
0%
Film 1929 The Ship of Lost Souls
0%
Film 1933 The Song of Songs
0%
Film 1942 The Spoilers
0%
TV Special 1965 The Stars Shine for Jack Hylton
0%
Film 1929 The Woman One Longs For
0%
Radio Series 1953 Time for Love
0%
Film 1923 Tragedy of Love
0%
TV Special 1962 Unicef Gala
0%
No matching quizzes found
Score Distribution
Percent of People with Each Score
Percentile by Number Answered
Your Score History
You have not taken this quiz since the last reset